000 00914nam a2200241Ia 4500
999 _c65114
_d65114
003 GCL
005 20240530110808.0
008 140319s9999 xx 000 0 ara d
040 _aGCL /
_cGCL
082 0 4 _a016.81 \
_bم م
100 1 _aالمنصف بن عبدالجليل
245 1 0 _aمحمد بيرم الخامس : بيلوغرافية تحليلية مع ثلاث رسائل نادرة /
_cالمنصف بن عبدالجليل ، كمال عمران
260 _a[S.N] :
_bالمؤسسة الوطنية للترجمة والتحقيق ،
_c1989
300 _a319 ص. ؛
_c24 سم.
490 _aتاريخ الادب العربى
_v0
650 0 4 _aالادب العربى
650 0 4 _aتونس
650 0 4 _aالببليوجرافيات الموضوعية
650 0 4 _aمحمد بيرم الخامس
650 0 4 _aتاريخ ونقد
700 0 _aكمال عمران
942 _2ddc
_cBK